00408pab a2200121 454500008003600000100002100036245007100057362003400128650003300162650003500195700002200230773003400252180718b xxu||||| |||| 00| 0 eng d aPandey Vikash N. aDesign and operation of political processes in rural co-operatives a28(26), 26 Jun 93, p.1353-356 a Rural Cooperatives -- India aCooperative Societies -- India aMishra Debiprasad aEconomic and Political Weekly